000 00749nam a2200181 i 4500
001 180443
003 ES-MaACL
005 20230906221110.0
008 120604s1970 sp |||| | spa d
100 1 _aSolé Sanromá, Núria.
_9150342
245 1 0 _aEstudio esporo-polínico de la formación Guaduas (Maastrichtiense-alcoceno) en la Sabana de Bogotá (Colombia) /
_cNuria Solé Sanromà.
260 _aBarcelona :
_bUniversidad de Barcelona, Secretariado de Publicaciones, Intercambio Científico y Extensión Universitaria,
_c1970.
300 _a10 p. ;
_c24 cm.
502 _aResumen de tesis--Universidad Barcelona.
650 4 _aMicropaleontología.
_9150316
710 2 _aUniversidad de Barcelona.
_97141
852 _aES-MaACL
_jE-15362(38)
999 _c180443
_d180443